00945nam a22002657a 4500003000900000005001700009008004100026040003300067041000800100080001000108100002300118245013700141260004900278300001600327490001100343650002300354650013700377650001100514650001100525650000900536650001300545942000700558952009500565999001900660LK-CoDNM20241218144906.0241218b |||||||| |||| 00| 0 eng d aLK-CoDNMdLK-CoDNMeLK-CoDNM aeng a2bC6 aANNANDALE , NELSON aFresh - water sponges in the collection the united states national museum part 3 Description of new species of sponglla from China  agoverment printing officebwashington c1910 a1p. : 24 cm aVol 38 aANNANDALE , NELSON aFresh - water sponges in the collection the united states national museum part 3 Description of new species of sponglla from China  a2 c 6  avol 38 a1910 ascience  cBK 001041708SCIaMAINbMAINcREFd2024-12-18l0o2 C6pOS046-4r2024-12-18w2024-12-18yBK c233456d233456